000 00287nam a2200133Ia 4500
100 _aRaven/Francis H
942 _cBK
654 _aautomatic
245 _aAutomatic control Engg
260 _bMc Graw Hill
_aBombay
_c1995
082 _a629.8
_bRAV
300 _a619
546 _aENGLISH
999 _c23807
_d23807